000 00756cam a2200241 a 4500
001 000004586
005 20200929151451.0
008 810508s1961 sp 000 0 spa
020 _a3462014501
040 _aDO-SdBNP
_bspa
_cBNPHU
041 1 7 _aspa
_hger
082 _a833.8
_bB347e
100 1 _aBaum, Vicki,
_d1888-1960.
_913380
240 1 0 _aDie grosse pause.
_lEspañol
245 1 0 _aEntreacto :
_bnovela /
_cVicki Baum ; traductor Ricardo Debenedetti.
260 _aBarcelona :
_bPlaneta,
_c1961.
300 _a277 p. ;
_c19 cm.
534 _aTítulo original:
_tDie grosse pause.
650 4 _aNovela alemana
_93302
650 4 _aLiteratura alemana
_93274
700 1 _aDebenedetti, Ricardo,
_etr.
_913381
700 1 _aAriosa, Olinta,
_epról.
_913382
999 _c4394
_d4394